000
00338nam a2200145Ia 4500
005
20251222175922.0
008
251222s9999||||xx |||||||||||||| ||spa||
020
_a
8467204117
082
_a
863.64/P79
100
_a
Posadas, Carmen
245
0
_a
El Buen Sirviente
250
_a
1ra.ed.
264
_b
CĂrculo de Lectores
942
_c
LIB
999
_c
40716
_d
40716